Japan Logo Quiz! #6 - Statistics

General Stats
  • This quiz has been taken 41 times
  • The average score is 9 of 24
Answer Stats
Picture Answer % Correct
Godzilla
80%
Nissin
73%
Yokohama
73%
Hino
63%
Yakult
60%
NTT
50%
Toyo Tires
50%
Yonex
40%
Datsun
33%
Ibanez
33%
Maxell
30%
OKI
30%
Onkyo
30%
SMFG
30%
Zebra
30%
Denon
27%
TOHO
27%
Virtua Fighter
27%
Japan Tobacco
23%
Kenko
23%
Pentax
23%
Namco
20%
Pentel
20%
Yoshinowa
20%
No matching quizzes found
Score Distribution
Percent of People with Each Score
Percentile by Number Answered
Your Score History
You have not taken this quiz